[Event "Gotth' Art Cup GM"]
[Site "Szentgotthard HUN"]
[Date "2010.03.03"]
[Round "9"]
[White "Ftacnik,L"]
[Black "Prohaszka,P2"]
[Result "1/2-1/2"]
[WhiteElo "2546"]
[BlackElo "2501"]
[EventDate "2010.02.22"]

1. Nf3 d5 2. d4 Nf6 3. c4 c6 4. e3 g6 5. b3 Bg7 6. Bb2 O-O 7. Be2 b6 8. Nc3
Bb7 9. O-O Nbd7 10. Qc2 Qc7 11. Rad1 e6 12. e4 Nxe4 13. Nxe4 dxe4 14. Qxe4
c5 15. Qh4 Rad8 16. Ba1 Bxf3 17. Bxf3 cxd4 18. Bxd4 Bxd4 19. Rxd4 Ne5 20.
Be2 Rxd4 21. Qxd4 Nc6 22. Qb2 Rd8 23. Rd1 Rxd1+ 24. Bxd1 Qd6 25. Be2 Nd4
26. Bf1 a5 27. Qc1 Kg7 28. f4 Qc5 29. Kh1 e5 30. fxe5 Qxe5 31. Qd2 h6 32.
Kg1 Qc5 33. Qf2 Nc2 34. Qxc5 bxc5 35. Bd3 Nb4 36. Bb1 Kf6 37. Kf2 Ke5 38.
Ke3 f5 39. h4 g5 40. hxg5 hxg5 41. g3 Nc6 42. Bd3 Nb4 43. Bb1 g4 44. a3 Nc6
45. Bc2 Nd4 46. Bd1 Ne6 47. Bc2 Ng7 48. Bd3 Nh5 49. Kf2 f4 50. gxf4+ Nxf4
51. Bf1 Ne6 52. Kg3 Nd4 53. b4 cxb4 54. axb4 axb4 55. Kxg4 b3 56. Bd3 Nc6
57. Kf3 Kd4 58. Ke2 Ne5 59. Bh7 Nxc4 60. Kd1 Kc3 61. Kc1 Nd2 62. Kd1 Nc4
63. Kc1 Na3 64. Bg6 b2+ 65. Kd1 Nc4 66. Ke2 Nd2 67. Bh7 Nb3 68. Kd1 Nc5 69.
Ke2 Ne6 70. Kd1 Nd4 71. Bg6 Nc6 72. Bh7 Nb4 73. Bb1 Nd3 74. Ke2 Nf4+ 75.
Kd1 Ng2 76. Ke2 Nf4+ 77. Kd1 Nd5 78. Ke2 Nb6 79. Bg6 Nc4 80. Bh7 Nd2 81.
Bg6 Nb3 82. Bh7 Nc1+ 83. Ke3 Na2 84. Ke2 Nc1+ 85. Ke3 Na2 86. Ke2 Nb4 87.
Bb1 Nc2 88. Kd1 Na3 89. Bh7 Nc4 90. Ke2 Kb4 91. Bg6 Kb3 92. Bh7 Kc3 93. Bg6
Ne5 94. Bh7 Ng4 95. Bb1 Nf6 96. Kd1 Nd5 97. Ke2 Nf4+ 98. Kd1 Ne6 99. Ke2
Nd4+ 100. Kd1 Nf3 101. Ke2 Nd2 102. Bh7 Nc4 103. Bg6 Ne5 104. Bh7 Kb3 105.
Kd1 Nc4 106. Ke2 Kc3 107. Bg6 Na3 108. Kd1 Nb5 109. Ke2 Kd4 110. Kd2 Nc3
111. Bb1 Na4 112. Kc2 Kc4 113. Kd2 Nc3 114. Kc2 Nxb1 115. Kxb2 1/2-1/2

[Event "Gotth' Art Cup GM"]
[Site "Szentgotthard HUN"]
[Date "2010.03.03"]
[Round "9"]
[White "Banusz,T"]
[Black "Bokros,A"]
[Result "1/2-1/2"]
[WhiteElo "2517"]
[BlackElo "2479"]
[EventDate "2010.02.22"]

1. Nf3 d5 2. d4 Nf6 3. c4 e6 4. g3 Bb4+ 5. Bd2 Be7 6. Bg2 O-O 7. O-O c6 8.
Qc2 b6 9. Bf4 Ba6 10. Ne5 Nfd7 11. cxd5 cxd5 12. Rd1 Nxe5 13. dxe5 Qd7 14.
Nc3 Rc8 15. Rac1 Nc6 16. Qa4 Bb7 17. h4 a6 18. Nxd5 exd5 19. Bxd5 Qe8 20.
Qe4 Rd8 21. e6 fxe6 22. Qxe6+ Kh8 23. Bc7 Rd7 24. Bxb6 Rd6 25. Qf5 Bf6 26.
Be4 g6 27. Qf4 Be5 28. Qf3 Rxd1+ 29. Rxd1 Bg7 30. Qf4 Qe7 31. h5 Rf8 32.
Qe3 Re8 33. Bf3 Qxe3 34. Bxe3 Na5 35. Bxb7 Nxb7 36. hxg6 hxg6 37. b4 Re6
38. Rc1 Be5 39. f4 Bd6 40. Bd4+ Kg8 41. e3 Bxb4 42. Rb1 a5 43. a3 Bd2 44.
Rxb7 Bxe3+ 45. Bxe3 Rxe3 46. Kh2 Rxa3 47. Kh3 Rc3 48. Rb5 a4 49. Ra5 a3 50.
Ra7 Rc5 51. Kg4 Rb5 52. Rxa3 Kg7 53. Ra7+ Kf6 54. Ra6+ Kf7 55. Ra7+ Kf6 56.
Ra3 Rc5 57. Rb3 Ra5 58. Kh4 Rh5+ 59. Kg4 Ra5 60. Rb6+ Kf7 61. Kh3 g5 62.
fxg5 1/2-1/2